000 00587nam a2200193Ia 4500
005 20250326144536.0
008 250326s9999 xx 000 0 und d
020 _a978-81-7194-553-5
037 _aAnnuals, Advances
040 _aFMSL
_beng
_cFMSL
041 _aeng
_2eng
084 _aX72(Z) P9;1
_qFMSL
100 _aSinghania VK
_9749857
245 0 _aTaxmann's Direct Taxes: laws & practice
_cSinghania Vk; Singhania K
260 _aNew Delhi
_bNew Delhi, Taxmann's Pub
_c2009
300 _a1468p
942 _cTB
_hX72(Z) P9;1
999 _c1304109
_d1304109